Riego deficitario controlado en palto
Gardado en:
| Autor Principal: | |
|---|---|
| Formato: | Libro |
| Idioma: | Lingua castelá |
| Publicado: |
Valparaíso
Universidad Católica de Valparaíso
2001
|
| Subjects: | |
| Tags: |
Engadir etiqueta
Sen Etiquetas, Sexa o primeiro en etiquetar este rexistro!
|
MARC
| LEADER | 00000nam a2200000 a 4500 | ||
|---|---|---|---|
| 001 | UCM6782 | ||
| 003 | CL-VaPUC | ||
| 008 | 021122e20010000CL |||||||||||||||||spa|d | ||
| 082 | 0 | 4 | |a 631.5870727 |b LEP |2 21 |
| 100 | |a Lepe Vergara, Sofía Elena |e author |9 828248 | ||
| 245 | 1 | 0 | |a Riego deficitario controlado en palto |
| 300 | |a 65 h | ||
| 942 | |c BK | ||
| 945 | |d 20021122 00:00:00 |a cmena | ||
| 260 | |a Valparaíso |b Universidad Católica de Valparaíso |c 2001 | ||
| 500 | |a Taller de Estadística, solicitado por Juan Pablo Montedónico R.; prof. guía: Renato Allende Olivares, Axa Rojas Durandeaux | ||
| 650 | 0 | |a Riego |9 259685 | |
| 650 | 0 | |a Palto (Persea Americana Mill) |9 264436 | |
| 650 | 0 | |a Árboles frutales |9 264297 | |
| 650 | 0 | |a Métodos estadísticos |9 259407 | |
| 650 | 0 | |a Análisis estadístico |9 269506 | |
| 650 | 0 | |a Estadística matemática |9 260028 | |
| 583 | |a last modification |c 20130403 05:58:45 |k Rodrigo Vera | ||
| 999 | |c 302005 |d 302003 | ||
| 952 | |0 0 |1 0 |2 ddc |4 0 |6 631_587072700000000_LEP_2001 |7 0 |8 T |9 361978 |a BIBGIM |b BIBGIM |d 2019-11-21 |i 3849015 |o 631.5870727 LEP 2001 |p 3849015 |r 2019-11-21 |w 2019-11-21 |y BK_F |k EST | ||